Alle Monarchien - Statistiken

Allgemein
  • Dieses Quiz wurde 46 mal gespielt
    9 seit der letzten Aktualisierung
  • Das Durchschnittsergebnis liegt bei 22 aus 38
Antwortstatistiken
Monarchie % Korrekt
Dänemark
100%
Norwegen
100%
Schweden
100%
Spanien
100%
Grossbritannien
89%
Liechtenstein
89%
Niederlande
89%
Belgien
78%
Japan
78%
Luxemburg
78%
Marokko
78%
Monaco
78%
Oman
78%
Andorra
67%
Brunei
67%
Jordanien
67%
Katar
67%
Lesotho
67%
Saudi-Arabien
67%
Thailand
67%
Bahrain
56%
Eswatini
56%
Tonga
56%
Tuvalu
56%
Bhutan
44%
Belize
33%
Kambodscha
33%
Kuwait
33%
Neuseeland
33%
Papua-Neuguinea
33%
Antigua und Barbuda
22%
Bahamas
22%
Dominica
22%
Grenada
22%
Jamaika
22%
Salomonen
22%
St. Lucia
22%
St. Vincent und die Grenadinen
22%
Keine übereinstimmenden Quizze gefunden
Verteilung der Resultate
Anzahl Personen mit jedem Resultat
Perzentil nach korrekt beantworteten Fragen
Ihre Resultats-Entwicklung
Sie haben dieses Quiz seit der letzten Aktualisierung nicht gespielt